Welcome to Marium Abdulla Library

Embrace knowledge with a breath of fresh air.

Browse Collection

Marium Abdulla Library

Popular science homeowner's encyclopedia. (Record no. 5785)

MARC details
000 -LEADER
fixed length control field 01731pam a2200373 4500
001 - CONTROL NUMBER
control field 6264
003 - CONTROL NUMBER IDENTIFIER
control field OSt
005 - DATE AND TIME OF LATEST TRANSACTION
control field 20260401122116.0
008 - FIXED-LENGTH DATA ELEMENTS--GENERAL INFORMATION
fixed length control field 740904t19751974nyua 000 0 eng
010 ## - LIBRARY OF CONGRESS CONTROL NUMBER
LC control number 74019190
020 ## - INTERNATIONAL STANDARD BOOK NUMBER
International Standard Book Number 0871970708
020 ## - INTERNATIONAL STANDARD BOOK NUMBER
International Standard Book Number 9780871970701
035 ## - SYSTEM CONTROL NUMBER
System control number 3623791
040 ## - CATALOGING SOURCE
Original cataloging agency DLC
Transcribing agency DLC
Modifying agency DLC
050 00 - LIBRARY OF CONGRESS CALL NUMBER
Classification number TH4817.3
Item number .P66
082 00 - DEWEY DECIMAL CLASSIFICATION NUMBER
Classification number 690 BEN
Item number 6264
100 ## - MAIN ENTRY--PERSONAL NAME
Personal name Benrey, Ronald
245 00 - TITLE STATEMENT
Title Popular science homeowner's encyclopedia.
250 ## - EDITION STATEMENT
Edition statement Volume 4
260 ## - PUBLICATION, DISTRIBUTION, ETC.
Place of publication, distribution, etc. New York,
Name of publisher, distributor, etc. Fuller & Dees
Date of publication, distribution, etc. [1975, c1974]
300 ## - PHYSICAL DESCRIPTION
Extent 4 v. (1149 - 1532 p.)
Other physical details illus.
Dimensions 26 cm.
336 ## - CONTENT TYPE
Content type term text
Content type code txt
Source rdacontent
337 ## - MEDIA TYPE
Media type term unmediated
Media type code n
Source rdamedia
338 ## - CARRIER TYPE
Carrier type term volume
Carrier type code nc
Source rdacarrier
500 ## - GENERAL NOTE
General note "Tip for the handyman" (48 p.) inserted.
520 ## - SUMMARY, ETC.
Summary, etc. This comprehensive homeowner’s encyclopedia provides practical guidance for managing, maintaining, and improving a home. It covers a wide range of topics, including plumbing, electrical systems, carpentry, painting, heating, and household safety. Richly illustrated with diagrams and step-by-step instructions, it is designed to be accessible to both novice and experienced homeowners. The book serves as a reference for DIY projects, repairs, and understanding household systems, making it an essential resource for anyone seeking to maintain and enhance their home efficiently.
650 #0 - SUBJECT ADDED ENTRY--TOPICAL TERM
Topical term or geographic name entry element Dwellings - Maintenance and repair - Amateurs' manuals.
650 #0 - SUBJECT ADDED ENTRY--TOPICAL TERM
Topical term or geographic name entry element Repairing - Amateurs' manuals.
650 #0 - SUBJECT ADDED ENTRY--TOPICAL TERM
Topical term or geographic name entry element Do-it-yourself work.
740 ## - ADDED ENTRY--UNCONTROLLED RELATED/ANALYTICAL TITLE
Uncontrolled related/analytical title Homeowner's encyclopedia.
906 ## - LOCAL DATA ELEMENT F, LDF (RLIN)
a 7
b cbc
c orignew
d 1
e ocip
f 19
g y-gencatlg
942 ## - ADDED ENTRY ELEMENTS (KOHA)
Source of classification or shelving scheme Dewey Decimal Classification
Koha item type Book
Suppress in OPAC No
Holdings
Date last seen Total checkouts Full call number Barcode Price effective from Koha item type Lost status Source of classification or shelving scheme Damaged status Not for loan Collection Withdrawn status Home library Current library Shelving location Date acquired Source of acquisition Cost, normal purchase price
10/26/2021   690 BEN 6264 10/26/2021 Book   Dewey Decimal Classification     Interior Design   Marium Abdulla Library Marium Abdulla Library Non-Ref 11/28/2007 Zameer Mirza Rizki 2500.00